| 000 | 01168nam a2200253Ia 4500 | ||
|---|---|---|---|
| 001 | 10478 | ||
| 003 | GE_BSU | ||
| 008 | 181216s||||||||xx |||||||||||||| ||und|| | ||
| 010 | _a9789992895269 | ||
| 040 | _cGE_BSU | ||
| 080 | _a821.353.1-3+821.353.1-32 | ||
| 100 | _aქიაჩელი,ლეო | ||
| 245 | _aქართული პროზა წ.15:ლეო ქიაჩელი:ტარიელ გოლუა,გვადი ბიგვა | ||
| 245 | _bმოთხრობები | ||
| 245 | _cსარედ.კოლ.რ.თვარაძე და სხვ.შემდგ.რედ.ჯ.ღვინჯილია.ვ.ჯავახაძე..რედ.რუსუდან სირაძე.მხატვ.დავით დუნდუა. თ. შარიფაშვილი | ||
| 260 | _aთბილისი | ||
| 260 | _bსაქართველო | ||
| 260 | _c1996 | ||
| 300 | _a574გვ.20სმ. | ||
| 541 | _h8ლ. | ||
| 653 | _aმიხეილ ჯავახიშვილი:კვაჭი კვაჭანტირაძე | ||
| 653 | _aქართული პროზა | ||
| 942 | _cBK | ||
| 999 |
_c43733 _d43733 |
||